000 00309nam a22001337a 4500
008 180201b xxu||||| |||| 00| 0 eng d
020 _a2900495595280
041 _aeng
080 _a159.9
100 _a48
101 _apsi
245 _aintroduction learning and behavior
_crussel.a.p
942 _2udc
_cBK
999 _c41451
_d41451